|
|
|
|
| LEADER |
00000nam0a2200000 4500 |
| 001 |
253010 |
| 005 |
20231101232813.0 |
| 035 |
|
|
|a (RuTPU)RU\TPU\book\275390
|
| 090 |
|
|
|a 253010
|
| 100 |
|
|
|a 20140311d1972 m y0rusy50 ca
|
| 101 |
0 |
|
|a rus
|
| 102 |
|
|
|a RU
|
| 105 |
|
|
|a a j 000zy
|
| 200 |
1 |
|
|a Общая техническая химия
|e учебное пособие
|f М. Ф. Лантратов, В. П. Шишокин
|g Ленинградский политехнический институт им. М. И. Калинина (ЛПИ) ; под ред. А. Ф. Алабышева
|
| 210 |
|
|
|a Ленинград
|c Изд-во ЛПИ
|d 1972
|
| 215 |
|
|
|a 190 с.
|c ил.
|
| 606 |
1 |
|
|a Химия
|2 stltpush
|3 (RuTPU)RU\TPU\subj\17362
|9 43035
|
| 610 |
1 |
|
|a учебные пособия
|
| 610 |
1 |
|
|a техническая химия
|
| 610 |
1 |
|
|a химические законы
|
| 610 |
1 |
|
|a атомы
|
| 610 |
1 |
|
|a химическое строение
|
| 610 |
1 |
|
|a химическая связь
|
| 610 |
1 |
|
|a химическая кинетика
|
| 610 |
1 |
|
|a химическое равновесие
|
| 610 |
1 |
|
|a химические растворы
|
| 610 |
1 |
|
|a электролиты
|
| 610 |
1 |
|
|a электрохимические процессы
|
| 610 |
1 |
|
|a окислительно-восстановительные реакции
|
| 610 |
1 |
|
|a металлы
|
| 610 |
1 |
|
|a физико-химический анализ
|
| 610 |
1 |
|
|a электрохимическое разрушение
|
| 610 |
1 |
|
|a химические соединения
|
| 610 |
1 |
|
|a химические элементы
|
| 610 |
1 |
|
|a вода
|
| 675 |
|
|
|a 54(075.8)
|v 3
|
| 700 |
|
1 |
|a Лантратов
|b М. Ф.
|g Михаил Федорович
|
| 701 |
|
1 |
|a Шишокин
|b В. П.
|g Владимир Петрович
|
| 702 |
|
1 |
|a Алабышев
|b А. Ф.
|4 340
|
| 712 |
0 |
2 |
|a Ленинградский политехнический институт им. М. И. Калинина (ЛПИ)
|c (1924-1930, 1940-1990)
|2 stltpush
|3 (RuTPU)RU\TPU\col\2601
|
| 801 |
|
1 |
|a RU
|b 63413507
|c 20140311
|
| 801 |
|
2 |
|a RU
|b 63413507
|c 20140325
|g RCR
|
| 942 |
|
|
|c BK
|